000 00462nam a2200181Ia 4500
001 18686
005 20260306171649.0
008 260306s9999||||xx |||||||||||||| ||und||
041 _aESP
082 _a658.456
_bC25
100 _aCantavella, Eva
_eAUT
245 0 _aReuniones eficaces:
_b25 claves para pasar de reunirse a... reunirse
260 _c2009
300 _a155 páginas :
_c23 cm.
650 _aGEN
654 _aCAN
942 _cLIB
_dJUS
_fJUS
_2ddc
_n
999 _c18686
_d18686